The bootstrap and Edgeworth expansion /
Guardado en:
| Autor Principal: | |
|---|---|
| Formato: | Libro |
| Idioma: | English |
| Publicado: |
New York :
Springer-Verlag,
c1992.
|
| Series: | Springer series in statistics
|
| Materias: | |
| Etiquetas: |
Agregar Etiqueta
Sin Etiquetas, Sea el primero en etiquetar este registro!
|
| LEADER | 00850cam a2200253 a 4500 | ||
|---|---|---|---|
| 001 | MAT.inmabb004131 | ||
| 008 | 910904s1992####nyua#####b####001#0#eng## | ||
| 005 | 20121211162453.0 | ||
| 245 | 1 | 4 | |a The bootstrap and Edgeworth expansion / |c Peter Hall. |
| 260 | |a New York : |b Springer-Verlag, |c c1992. | ||
| 300 | |a xiii, 352 p. : |b il. ; |c 24 cm. | ||
| 440 | 0 | |a Springer series in statistics | |
| 504 | |a Incluye referencias bibliográficas (p. 329-344) e índices. | ||
| 510 | 4 | |a MR, |c 93h:62029 | |
| 020 | |a 0387977201 | ||
| 020 | |a 0387945083 (pbk.) | ||
| 100 | 1 | |a Hall, Peter, |d 1951- | |
| 650 | 0 | |a Bootstrap (Statistics) | |
| 650 | 0 | |a Edgeworth expansions. | |
| 084 | |a 62E20 (62F40 62G05 62G09) |2 msc2000 | ||
| 010 | |a 91034951 | ||
| 040 | |a DLC |c DLC |d DLC | ||
| 859 | |h 62 |i H174 |p A-6843 |b BIB. MATEMATICA | ||
| 859 | |h 62 |i H174 |p A-7377 |t Ej. 2 |b BIB. MATEMATICA | ||
